| 000 | 00807nam a22002415a 4500 | ||
|---|---|---|---|
| 008 | 090531r20081999ii a|||fr|||| 001 0 eng d | ||
| 020 | _a9788185749099 | ||
| 040 |
_aEG-ScBuE _beng _cEG-ScBuE |
||
| 082 | 0 | 4 |
_a621.815 _bSHA _222 |
| 100 | 1 |
_aSharma, P.C. _95700 |
|
| 245 | 1 | 2 |
_aA Textbook of Machine Design ; _bMechanical Engineering design / _cP.C. Sharma, D.K. Aggarwal. |
| 260 |
_aNew Delhi : _bS.K.Kataria and Sons., _c2008. |
||
| 300 |
_axiii, 1090 p. : _bill. ; _c25 cm. |
||
| 500 | _aIndex : p. 1085-1090. | ||
| 500 | _aReprint of the 2008 ed. | ||
| 590 | _ayassmeen ashraf | ||
| 650 | 0 |
_aMachinery. _95701 _2BUEsh |
|
| 650 | 0 |
_aMachines-Engineering. _95702 _2BUEsh |
|
| 651 | _2BUEsh | ||
| 653 |
_bENGGEN _cAugust2015 |
||
| 700 | 1 |
_aAggrwal,D.K. _95703 |
|
| 942 |
_cBB _k621.815 SHA _2ddc |
||
| 999 |
_c2860 _d2860 |
||